000 01427nam0a22003131 4500
001 rc\275549
005 20250621011000.0
010 _a5-605-00723-8
_950000
035 _a(NLR Aleph) 005492696
090 _a5224191
_c5224191
100 _a20030307d1990 |||y0rusy50 ca
101 0 _arus
102 _aRU
105 _aa |||||||||
200 1 _aПутешествие в детство
_eПовести [и рассказы]
_e[Для сред. шк. возраста]
_eПер. с каз.
_fБердибек Сокпакбаев
_g[Худож. Г. Айтбаева, Г.[!Т.] Мухатов]
210 _aАлма-Ата
_cЖазушы
_d1990
215 _a477, [2] с.
_cил.
_d21
327 1 _aСодерж.: Повести: Путешествие в детство; Меня зовут Кожа; Чемпион; Рассказы: Где ты, Гаухар?..; Аяжан
464 0 _12001#$aПутешествие в детство
_tПутешествие в детство
464 0 _12001#$aМеня зовут Кожа
_tМеня зовут Кожа
464 0 _12001#$aЧемпион
_tЧемпион
464 0 _12001#$aГде ты, Гаухар?..
_tГде ты, Гаухар?..
464 0 _12001#$aАяжан
_tАяжан
700 1 _aСокпакбаев
_bБ.
_f1924-
_gБердибек
801 0 _aRU
_bNLR
_gpsbo
801 1 _aRU
_bELAR
_2rusmarc
852 _aNLR
_j90-3/1544
942 _cBOOK
980 _aNB